LEADER 01285nam0-2200385---450 001 990005585680203316 005 20190403124909.0 035 $a000558568 035 $aUSA01000558568 035 $a(ALEPH)000558568USA01 035 $a000558568 100 $a19981214d1990----|||y0itaa50------ba 101 $aita 102 $ait 105 $a0 00||| 200 1 $aRagione, negatività, autocoscienza$ela genesi della dialettica hegeliana a Jena tra teoria della conoscenza e razionalità assoluta$fGiuseppe Varnier 210 $aNapoli$cGuida$d1990 215 $a300 p.$d23 cm. 225 2 $aGuida ricerca. Filosofia e sapere storico$esezione diretta da Giuseppe Cantillo e Eugenio Mazzarella 410 0$12001$aGuida ricerca. Filosofia e sapere storico 606 $aHegel, Georg Wilhelm Friedrich$xDialettica$2F 620 $dNAPOLI 676 $a193 700 1$aVARNIER,$bGiuseppe$0614761 801 0$aIT$bSA$c20111219 912 $a990005585680203316 950 0$aDipar.to di Filosofia - Salerno$dDFCC 193 VAR$e775 FIL 951 $aCC 193 VAR$b775 FIL 959 $aBK 969 $aFIL 979 $c20121027$lUSA01$h1525 979 $c20121027$lUSA01$h1614 996 $aRagione, negatività, autocoscienza$91132662 997 $aUNISA NUM $aSA0001471 LEADER 01029oam 2200301z- 450 001 9910135199503321 005 20241212221040.0 010 $a9781479941414 010 $a1479941417 035 $a(CKB)3780000000083014 035 $a(EXLCZ)993780000000083014 100 $a20220628c2014uuuu -u- - 101 0 $aeng 200 10$a2014 IT Professional Conference (IT Pro 2014) $eGaithersburg, Maryland, USA 22 May 2014 210 $cIEEE 311 08$a9781479988587 311 08$a1479988588 517 $a2014 IT Professional Conference 517 $aIT Professional Conference 606 $aInformation technology$xManagement$vCongresses 606 $aInformation technology$xSecurity measures$vCongresses 615 0$aInformation technology$xManagement 615 0$aInformation technology$xSecurity measures 712 02$aInstitute of Electrical and Electronics Engineers. 906 $aPROCEEDING 912 $a9910135199503321 996 $a2014 IT Professional Conference (IT Pro 2014)$93404119 997 $aUNINA